000 01028cam a2200265 a 4500
001 000011627
005 20200929162516.0
008 961017s1996 sp a b 001 0bspa d
020 _a8477902399
040 _aDO-SdBNP
_bspa
_cLC
_dBNPHU
050 0 0 _aTA140.B43
_bB47 1996
082 _ann*
_bnn*
245 0 0 _aBetancourt :
_blos inicios de la ingeniería moderna en Europa.
260 _aMadrid :
_bCentro de Estudios Históricos de Obras Públicas y Urbanismo,
_c1996.
300 _a373 p. :
_bil. ;
_c31 cm.
504 _aIncluye referencias bibliográficas p. 353-364 e índice.
600 1 0 _aBetancourt, Agustin de,
_d1758-1824.
_927523
650 0 _aEngineers
_zSpain
_xBiography.
_927524
650 0 _aEngineering
_zSpain
_xHistory.
_927525
650 0 _aEngineering
_zRussia
_xHistory.
_927526
710 2 _aCentro de Estudios Historicos de Obras Publicas y Urbanismo (Spain)
_927527
830 0 _aColeccion de ciencias, humanidades e ingenieria ;
_v54.
_927528
910 _aCatalogación por copia / LC
049 _aBNGR
999 _c11320
_d11320